Statistics for Bulgaria Country Quiz

Click here to take the quiz!

General Stats

  • This quiz has been taken 149 times
  • The average score is 8 of 14

Answer Stats

HintAnswer% Correct
CapitalSofia
100%
Second largest cityPlovdiv
91%
Fourth largest cityBurgas
89%
Third largest cityVarna
89%
CurrencyLev
80%
Fifth largest cityRuse
72%
Famous monasteryRila Monastery
66%
Above is in what mountain range?Rila Mountains
66%
Highest pointMusala
63%
Sixth largest cityStara Zagora
59%
Above is on what river?Maritsa River
36%
Large national park home to Botev PeakCentral Balkan National Park
15%
National park in southwest known for Vikhren PeakPirin National Park
9%
Mountain range home to many historic villagesRhodope Mountains
5%

Score Distribution

Percentile by Number Answered

Percent of People with Each Score

Your Score History

You have not taken this quiz